1911 1933 1906 1113 1223 1012 1852 1878 1054 1924 1370 1434 1921 1961 1985 1258 1492 1017 1941 1581 1400 1307 1223 1881 1020 1676 1867 1882 1564 1775 1026 1444 1225 1917 1593 1330 1092 1243 1822 1593 1929 1232 1380 1582 1956 1493 1391 1500 1399 1783 1915 1985 1751 1322 1351 1415 1185 1075 1762 1510 1014 1698 1941 1021 1616 1331 1917 1537 1543 1239 1776 1174 1302 1527 1907 1780 1040 1326 1677 1321 1150 1823 1969 1734 1220 1405 1627 1958 1830 1993 1522 1658 1250 1544 1331 1219 1518 1549 1401 BCNSPRNW ULIB Ver.6.0+V

เปลี่ยนเป็นภาษาไทย

Change to English
 แสดงรายละเอียดบรรณานุกรม
  กลับหน้าหลัก

Brief Record : Get Marc (ISO 2709) : E-mail record : QR code < ปิดหน้าต่าง
LEADER : 00000nam 2200000uu 4500
001    13399126133
003     ULIB
008    180612s2000||||th 000 0 tha d
020    ^a9780521775311
050 00 ^aPE1128^bC172^cV.2
245 10 ^aCambridge practice tests for IELTS 2
260    ^aCambridge :^bCambridge University Press,^c2000
300    ^a172 p.:^bill. ;^c25 cm.
650 00 ^aInternational English Language Testing System.
650 00 ^aEnglish language^xExaminations, questions, etc.
650 00 ^aEnglish language^xTextbooks for foreign speakers
945    ^p530^l0^i004229
999    ^aวรรณษา ชูชัยมงคล
รายการนี้ยังไม่มีแท็ก
คุณยังไม่ได้ล็อกอิน คุณสามารถมีกิจกรรมร่วมกับเว็บไซต์ได้ แต่ต้องล็อกอินก่อน ::
  ล็อกอิน

รายการสื่อสารสนเทศ

ลำดับที่ ประเภท เลขเรียก/บาร์โค้ด สถานที่ สถานะ
1. วิทยาศาสตร์การแพทย์ และสุขภาพ
หนังสือสำรอง
สถานะ=หนังสือสำรอง
PE1128 C172 V.2 ฉ.1 
  Barcode: 004229
ห้องสมุดวิทยาเขตสวรรค์ประชารักษ์
►หนังสือทั่วไป
บนชั้น

รายการใกล้เคียง
    ชื่อเรื่อง [Cambridge practice tests for IELTS 2]

    หัวเรื่อง [International English Language Testing System.]

BibComment


ยังไม่เคยถูกคอมเมนท์

คอมเมนท์ทรัพยากรรายการนี้
  คอมเมนท์: Cambridge practi..


 Copyright 2026. Bcnsprnw @Library